<?xml version="1.0" encoding="UTF-8"?>
<collection xmlns="http://www.loc.gov/MARC21/slim">
 <record>
  <leader>01018nam a2200265 a 4500</leader>
  <controlfield tag="001">10654</controlfield>
  <controlfield tag="003">BD-DhAAL</controlfield>
  <controlfield tag="005">20141206124145.0</controlfield>
  <controlfield tag="008">141206s1996    bg#abcdj e    001 0 eng d</controlfield>
  <datafield tag="020" ind1=" " ind2=" ">
   <subfield code="a">9840903640</subfield>
  </datafield>
  <datafield tag="040" ind1=" " ind2=" ">
   <subfield code="a">BD-DhAAL</subfield>
   <subfield code="c">BD-DhAAL</subfield>
  </datafield>
  <datafield tag="050" ind1="0" ind2="0">
   <subfield code="a">AG5</subfield>
   <subfield code="b">.N33 2009</subfield>
  </datafield>
  <datafield tag="082" ind1="0" ind2="4">
   <subfield code="a">030</subfield>
   <subfield code="2">22</subfield>
  </datafield>
  <datafield tag="999" ind1=" " ind2=" ">
   <subfield code="c">33232</subfield>
   <subfield code="d">33232</subfield>
  </datafield>
  <datafield tag="999" ind1=" " ind2=" ">
   <subfield code="c">33232</subfield>
  </datafield>
  <datafield tag="999" ind1=" " ind2=" ">
   <subfield code="c">33232</subfield>
  </datafield>
  <datafield tag="245" ind1="0" ind2="4">
   <subfield code="a">শিশু বিশ্বকোষ :</subfield>
   <subfield code="b">ক থেকে জ, দ্বিতীয় খন্ড</subfield>
  </datafield>
  <datafield tag="260" ind1=" " ind2=" ">
   <subfield code="a">ঢাকা :</subfield>
   <subfield code="b">বাংলাদেশ শিশু একাডেমী,</subfield>
   <subfield code="c">১৯৯৬.</subfield>
  </datafield>
  <datafield tag="300" ind1=" " ind2=" ">
   <subfield code="a">৩৮৩ পৃ.  :</subfield>
   <subfield code="b">চিত্র, ম্যাপ ;</subfield>
   <subfield code="c">২৫ সে. মি.</subfield>
  </datafield>
  <datafield tag="500" ind1=" " ind2=" ">
   <subfield code="a">Includes index.</subfield>
  </datafield>
  <datafield tag="541" ind1=" " ind2=" ">
   <subfield code="e">10654</subfield>
  </datafield>
  <datafield tag="650" ind1=" " ind2="0">
   <subfield code="a">Children's encyclopedias</subfield>
   <subfield code="9">6600</subfield>
  </datafield>
  <datafield tag="710" ind1=" " ind2=" ">
   <subfield code="a">বাংলাদেশ শিশু একাডেমী</subfield>
   <subfield code="9">6601</subfield>
  </datafield>
  <datafield tag="942" ind1=" " ind2=" ">
   <subfield code="2">ddc</subfield>
   <subfield code="c">BK</subfield>
  </datafield>
  <datafield tag="952" ind1=" " ind2=" ">
   <subfield code="0">0</subfield>
   <subfield code="1">0</subfield>
   <subfield code="2">ddc</subfield>
   <subfield code="4">0</subfield>
   <subfield code="6">030_000000000000000_SHI</subfield>
   <subfield code="7">0</subfield>
   <subfield code="9">44359</subfield>
   <subfield code="a">BRACUL</subfield>
   <subfield code="b">BRACUL</subfield>
   <subfield code="c">REF</subfield>
   <subfield code="d">2014-12-06</subfield>
   <subfield code="l">0</subfield>
   <subfield code="o">030 SHI</subfield>
   <subfield code="p">3010010654</subfield>
   <subfield code="r">2014-12-06</subfield>
   <subfield code="t">1</subfield>
   <subfield code="w">2014-12-06</subfield>
   <subfield code="y">BK</subfield>
  </datafield>
 </record>
</collection>
